000 00610nam a2200253Ia 4500
003 OSt
005 20221005065755.0
006 a|||||r|||| 00| 0
007 ta
008 221004b |||||||| |||| 00| 0 eng d
024 _a24377
037 _cTextual
040 _aCRL
_cCRL
_beng
041 _2eng
_aeng
082 _aV58y7M70, M3
100 _aLenin
245 0 _aBiography
250 _a3rd
260 _aMoscow
_bProgress Publishers
_c1983
300 _a525p.
_ccm.
650 _aRUSSIA - HISTORY
942 _hV58y7M70, M3
_cTEXL
_2cc
999 _c975155
_d975155